Introduction to compound design (Record no. 39425)

MARC details
000 -LEADER
fixed length control field 00260nam a2200109Ia 4500
082 ## - DEWEY DECIMAL CLASSIFICATION NUMBER
Classification number 678.4:678.023
Item number STE
100 ## - MAIN ENTRY--AUTHOR NAME
Personal name Stewart, E J
245 #0 - TITLE STATEMENT
Title Introduction to compound design
260 ## - PUBLICATION, DISTRIBUTION, ETC. (IMPRINT)
Year of publication 1984
942 ## - ADDED ENTRY ELEMENTS (KOHA)
Koha item type Books
Holdings
Withdrawn status Lost status Damaged status Not for loan Home library Current library Date acquired Full call number Accession Number Koha item type
        RRII Library RRII Library 16/12/2021 678.4:678.023 STE 19760 Books